000 00495nam a2200193Ia 4500
003 0100
008 130227s9999 xx 000 0 und d
040 _cARRUPELIB
050 _aB693.Z7H2813
100 _aHadot, Pierre
_919169
245 _aPlotinus or the simplicity of vision
260 _aChicago
260 _bThe University of Chicago Press
300 _a138p.
300 _b 23 cm
650 _bPlotinus
_924465
700 _aChase, Michael (ed.)
_924466
942 _2lcc
_cMONOGRAPH
999 _c6222
_d6222